Plastics as alternatives to rubber for proofing purposes (Record no. 65194)

MARC details
000 -LEADER
fixed length control field 00341nam a2200133Ia 4500
100 ## - MAIN ENTRY--AUTHOR NAME
Personal name Ryan A
245 #0 - TITLE STATEMENT
Title Plastics as alternatives to rubber for proofing purposes
260 ## - PUBLICATION, DISTRIBUTION, ETC. (IMPRINT)
Name of publisher IRI Transactions
Year of publication 1944
300 ## - PHYSICAL DESCRIPTION
Number of Pages 77-80
650 ## - SUBJECT ADDED ENTRY--TOPICAL TERM
Topical Term Plastics
650 ## - SUBJECT ADDED ENTRY--TOPICAL TERM
Topical Term Rubber proofing
942 ## - ADDED ENTRY ELEMENTS (KOHA)
Koha item type Journals
Holdings
Withdrawn status Lost status Damaged status Not for loan Home library Current library Shelving location Date acquired Serial Enumeration / chronology Koha item type
      Journals RRII Library RRII Library Rubber chemistry 17/12/2021 Volume 20, Issue 3 Journals